[Event "AUTO-OPEN-3535"]
[Site "http://www.queenalice.com/game.php?id=1380745"]
[Date "2015.9.1"]
[Round "1"]
[White "Michihall"]
[Black "Wali"]
[Result "1-0"]
[WhiteElo "1772"]
[BlackElo "1600"]

1. d4 d5 2. c4 dxc4 3. Nc3 e5 4. dxe5 Qxd1+ 5. Nxd1 Bb4+ 6. Nc3 Bf5 7. Nf3 Nc6
8. Bd2 O-O-O 9. e4 Bg6 10. Bxc4 Nd4 11. Nxd4 Rxd4 12. Bb3 Bxc3 13. bxc3 Rxe4+
14. Be3 Ne7 15. O-O Rxe5 16. Bd4 Re2 17. Bxg7 Rg8 18. Bf6 Nf5 19. Rae1 Rge8 20.
Rxe2 Rxe2 21. h3 Nd6 22. Bd4 b6 23. g4 Bd3 24. Be3 Ne4 25. Bxf7 Nxc3 26. a3 Ra2
27. f4 Rxa3 28. Re1 Ne2+ 29. Kf2 Ra2 30. Kf3 Ra3 31. Rxe2 Bxe2+ 32. Kxe2 Ra1 33.
g5 a5 34. Be6+ Kb8 35. h4 Rh1 36. Bf2 a4 37. f5 a3 38. f6 Rc1 39. f7 1-0

[Event "AUTO-OPEN-3535"]
[Site "http://www.queenalice.com/game.php?id=1380747"]
[Date "2015.9.1"]
[Round "1"]
[White "Michihall"]
[Black "HakunaMatata"]
[Result "0-1"]
[WhiteElo "1776"]
[BlackElo "2167"]

1. d4 d6 2. c4 Nf6 3. Nc3 Nbd7 4. Nf3 c6 5. e4 Qc7 6. Bd3 g6 7. Bg5 Bg7 8. O-O
h6 9. Bh4 g5 10. Bg3 Nh5 11. h3 Nxg3 12. fxg3 e5 13. d5 O-O 14. b3 Nc5 15. Bc2
f5 16. exf5 Bxf5 17. Bxf5 Rxf5 18. b4 Na6 19. b5 Nc5 20. Rc1 Raf8 21. g4 R5f7
22. a4 e4 23. Nd2 Bd4+ 24. Kh1 Nd3 25. Rc2 Bxc3 26. Rxc3 Rxf1+ 0-1

[Event "AUTO-OPEN-3535"]
[Site "http://www.queenalice.com/game.php?id=1380748"]
[Date "2015.9.1"]
[Round "1"]
[White "HakunaMatata"]
[Black "Michihall"]
[Result "1-0"]
[WhiteElo "2174"]
[BlackElo "1774"]

1. e4 e5 2. d4 exd4 3. Nf3 Nf6 4. e5 Bb4+ 5. c3 dxc3 6. bxc3 Be7 7. exf6 Bxf6 8.
Bc4 O-O 9. O-O b6 10. Ba3 c5 11. Qb3 Bb7 12. Bxc5 bxc5 13. Qxb7 Nc6 14. Bd5 Ne7
15. Qxa8 Qxa8 16. Bxa8 Rxa8 17. a4 a5 18. Ra3 d5 19. Nbd2 Rb8 20. Rb1 Rxb1+ 21.
Nxb1 Nc6 22. Rb3 h6 23. Rb6 Ne5 24. Nxe5 Bxe5 25. Rb5 1-0

[Event "AUTO-OPEN-3553"]
[Site "http://www.queenalice.com/game.php?id=1387767"]
[Date "2015.10.7"]
[Round "1"]
[White "Michihall"]
[Black "Huevo"]
[Result "0-1"]
[WhiteElo "1785"]
[BlackElo "1913"]

1. d4 d5 2. c4 c6 3. Nc3 e6 4. e4 Nf6 5. e5 Nfd7 6. Nf3 dxc4 7. Bxc4 b5 8. Bb3
a6 9. Qd3 Be7 10. O-O O-O 11. Bc2 g6 12. h3 c5 13. Bh6 c4 14. Qe4 Nb6 15. Bxf8
Qxf8 16. b3 Ra7 17. bxc4 Nxc4 18. Bb3 Bb7 19. Qd3 Bxf3 20. Bxc4 Bxg2 21. Kxg2
bxc4 22. Qxc4 Qd8 0-1

[Event "AUTO-OPEN-3553"]
[Site "http://www.queenalice.com/game.php?id=1387768"]
[Date "2015.10.7"]
[Round "1"]
[White "Huevo"]
[Black "Michihall"]
[Result "1-0"]
[WhiteElo "2094"]
[BlackElo "1823"]

1. d4 e6 2. e4 d5 3. exd5 exd5 4. c4 Nf6 5. c5 b6 6. Be3 bxc5 7. dxc5 c6 8. Nc3
Nbd7 9. b4 a5 10. a3 axb4 11. axb4 Bb7 12. Nf3 g6 13. Be2 Bg7 14. Bd4 O-O 15.
O-O Re8 16. Qb3 Ne4 17. Bxg7 Kxg7 18. Bd3 Nxc3 19. Qxc3+ Kg8 20. Rxa8 Bxa8 21.
Re1 Rxe1+ 22. Qxe1 Bb7 23. Kf1 Nf6 24. h3 Qe8 25. Qxe8+ Nxe8 26. Ke2 Nc7 27. Nd4
Ne6 28. Ke3 Nxd4 29. Kxd4 f6 30. f4 Kf7 31. g4 Bc8 32. b5 cxb5 33. Bxb5 Ke6 34.
Bc6 Ba6 35. Bxd5+ Kd7 36. g5 fxg5 37. fxg5 Bc8 38. Bg8 Kc6 39. Bxh7 Bxh3 40.
Bxg6 Be6 41. Be4+ Kc7 42. Ke5 Bg8 43. g6 Kd7 44. Bd5 1-0

[Event "AUTO-OPEN-3553"]
[Site "http://www.queenalice.com/game.php?id=1387769"]
[Date "2015.10.7"]
[Round "1"]
[White "Michihall"]
[Black "maurice91"]
[Result "1-0"]
[WhiteElo "1804"]
[BlackElo "1885"]

1. d4 d5 2. c4 e6 3. cxd5 exd5 4. Nc3 Be7 5. Bf4 c6 6. e3 Nf6 7. Nf3 Nbd7 8. Bd3
O-O 9. O-O b6 10. Bc2 Bb7 11. Qd3 a5 12. h3 Ba6 13. Qd2 Bxf1 14. Rxf1 h6 15. Ne5
Nxe5 16. Bxe5 Nd7 17. Qd3 g6 18. Bg3 Bf6 19. Bf4 Bg7 20. Bg3 b5 21. a3 Nf6 22.
Be5 b4 23. Na4 Re8 24. axb4 Ne4 25. Bxg7 Kxg7 26. f3 Ng3 27. Rf2 axb4 28. Nc5
Qd6 29. e4 dxe4 30. fxe4 Ra1+ 31. Bb1 Rd8 32. Rd2 Nh5 33. Kf2 Qf4+ 34. Ke2 Ng3+
35. Kd1 Rxd4 36. Qxd4+ Kh7 37. Kc2 Nxe4 38. Nxe4 c5 39. Nf6+ Qxf6 40. Qxf6 b3+
41. Kxb3 Rxb1 42. Qxf7+ 1-0

[Event "AUTO-OPEN-3553"]
[Site "http://www.queenalice.com/game.php?id=1387770"]
[Date "2015.10.7"]
[Round "1"]
[White "maurice91"]
[Black "Michihall"]
[Result "1-0"]
[WhiteElo "1698"]
[BlackElo "1769"]

1. d4 e6 2. e4 d5 3. Bd3 c5 4. dxc5 Bxc5 5. exd5 Qxd5 6. Nf3 Nf6 7. O-O O-O 8.
Nc3 Qd8 9. Bg5 h6 10. Bh4 Nbd7 11. Ne4 Qb6 12. Nxc5 Qxc5 13. a3 Nd5 14. b4 Qc6
15. Qd2 b6 16. c4 N5f6 17. Bxf6 Nxf6 18. Rfe1 Bb7 19. b5 Qc7 20. Be2 Rad8 21.
Qb4 Qd6 22. Qb3 Ne4 23. Red1 Qc5 24. Rf1 Nf6 25. Rfe1 Rc8 26. Rac1 Rfd8 27. Bf1
Bxf3 28. Qxf3 Rd4 29. Qb7 Ng4 30. Qf3 Ne5 31. Qg3 Nxc4 32. Rc3 Qxb5 33. Rb3 Qd5
34. Rc1 Rd1 35. Rbc3 Rxc1 36. Rxc1 Rc5 37. Qb8+ Kh7 38. Qxa7 f6 39. Qa6 b5 40.
a4 Rc6 41. Qxb5 Ne5 42. Rxc6 1-0

[Event "AUTO-OPEN-3553"]
[Site "http://www.queenalice.com/game.php?id=1387771"]
[Date "2015.10.7"]
[Round "1"]
[White "Michihall"]
[Black "ismaelfln"]
[Result "0-1"]
[WhiteElo "1813"]
[BlackElo "1636"]

1. d4 d5 2. c4 dxc4 3. Nc3 Bf5 4. e4 Bg6 5. Bxc4 e6 6. Nf3 Bb4 7. Qd3 Bxc3+ 8.
bxc3 Nf6 9. O-O O-O 10. Re1 c6 11. Bg5 c5 12. Qe3 Bxe4 13. Bxf6 Qxf6 14. Ng5 Bd5
15. Bd3 g6 16. Qe5 Qxe5 17. dxe5 f6 18. exf6 Rxf6 19. c4 h6 20. cxd5 hxg5 21.
Rxe6 Rxe6 22. dxe6 Kg7 23. e7 Nc6 24. Re1 Re8 25. Bb5 a6 26. Bxc6 bxc6 27. g4
Kf7 28. Rc1 Rxe7 29. Rxc5 Re6 30. Rxg5 Re2 31. Ra5 Kf6 32. Rxa6 Kg5 33. Rxc6
Rxa2 34. Kg2 Ra4 35. h3 Ra8 36. Kg3 Ra3+ 0-1

[Event "AUTO-OPEN-3553"]
[Site "http://www.queenalice.com/game.php?id=1387772"]
[Date "2015.10.7"]
[Round "1"]
[White "ismaelfln"]
[Black "Michihall"]
[Result "1-0"]
[WhiteElo "1659"]
[BlackElo "1790"]

1. e4 e5 2. Nf3 Nc6 3. Bb5 Nge7 4. Bxc6 Nxc6 5. O-O Bc5 6. d3 O-O 7. Bg5 f6 8.
Bh4 d5 9. c3 d4 10. cxd4 Nxd4 11. Nxd4 Bxd4 12. Qb3+ Kh8 13. Na3 Qd6 14. Nc4 Qe6
15. a4 a6 16. Qb4 Kg8 17. Rac1 c5 18. Qb6 Qxb6 19. Nxb6 Rb8 20. Nd5 Be6 21. Ne7+
Kf7 22. Nf5 g5 23. Nd6+ Ke7 24. Nf5+ Bxf5 25. Bg3 Bg6 26. b3 b5 27. a5 h5 28. h4
g4 29. Kh2 f5 30. exf5 Bxf5 31. Rcd1 b4 32. Rde1 Kf6 33. f4 Bxd3 34. fxe5+ Ke6
35. Rxf8 Rxf8 36. Rd1 Bc2 37. Re1 Bxb3 38. Rb1 1-0

[Event "AUTO-OPEN-3555"]
[Site "http://www.queenalice.com/game.php?id=1388479"]
[Date "2015.10.10"]
[Round "1"]
[White "MSchatz"]
[Black "Michihall"]
[Result "1-0"]
[WhiteElo "2171"]
[BlackElo "1808"]

1. e4 e5 2. Nf3 Nc6 3. Bc4 Bc5 4. Nc3 Nf6 5. d3 O-O 6. Bg5 h6 7. Bh4 g5 8. Bg3
Nh5 9. Nxe5 Nxe5 10. Bxe5 Nf6 11. Qf3 Be7 12. Ne2 d6 13. Bc3 Bg4 14. Qe3 d5 15.
exd5 Bxe2 16. Qxe2 Re8 17. O-O Nxd5 18. Bxd5 Qxd5 19. Qg4 Qe6 20. Qd4 f6 21.
Rfe1 Qf7 22. Re2 Kg7 23. Rae1 Bd6 24. Rxe8 Rxe8 25. Rxe8 Be5 26. Qd8 Bxc3 27.
Re7 1-0

[Event "AUTO-OPEN-3555"]
[Site "http://www.queenalice.com/game.php?id=1388480"]
[Date "2015.10.10"]
[Round "1"]
[White "Michihall"]
[Black "MSchatz"]
[Result "0-1"]
[WhiteElo "1818"]
[BlackElo "2103"]

1. d4 d5 2. c4 e6 3. Nc3 Nf6 4. Bg5 Nbd7 5. cxd5 exd5 6. Nxd5 Nxd5 7. Bxd8 Bb4+
8. Qd2 Bxd2+ 9. Kxd2 Kxd8 10. e4 N5f6 11. f3 Nb6 12. Bd3 Bd7 13. Ne2 Ke7 14.
Rac1 Rac8 15. Rc2 Rhd8 16. Rhc1 c6 17. e5 Nfd5 18. g3 Nb4 19. Rc5 Nxd3 20. Kxd3
Bf5+ 21. Kd2 Rd5 22. b4 Rxc5 23. bxc5 Nd5 24. g4 Bg6 25. h4 f6 26. f4 Bf7 27. a3
b5 28. Kd3 a5 29. f5 fxe5 30. dxe5 Rd8 31. Nd4 Be8 32. Ke4 Nc7 33. Rc3 Rd5 34.
e6 g6 35. Rc1 gxf5+ 36. gxf5 Na6 37. h5 Rxc5 38. Rxc5 Nxc5+ 39. Kf4 Kf6 0-1

[Event "AUTO-OPEN-3555"]
[Site "http://www.queenalice.com/game.php?id=1388505"]
[Date "2015.10.10"]
[Round "1"]
[White "vivafischer"]
[Black "Michihall"]
[Result "1-0"]
[WhiteElo "2244"]
[BlackElo "1806"]

1. d4 e6 2. c4 Bb4+ 3. Bd2 Qe7 4. Nf3 Nf6 5. a3 Bxd2+ 6. Qxd2 O-O 7. Nc3 h6 8.
e4 c5 9. Be2 cxd4 10. Nxd4 Nc6 11. O-O b6 12. b4 Nxd4 13. Qxd4 Bb7 14. Rfd1 e5
15. Qe3 d6 16. Rd2 Rad8 17. Rad1 Rd7 18. f3 Rc8 19. Nb5 Ne8 20. Nxa7 Ra8 21. Nb5
Ba6 22. c5 Bb7 23. Nxd6 Nxd6 24. Rxd6 Rxd6 25. cxd6 Qd7 26. Qxb6 Bc6 27. b5 Bb7
28. Qc7 1-0

[Event "AUTO-OPEN-3555"]
[Site "http://www.queenalice.com/game.php?id=1388506"]
[Date "2015.10.10"]
[Round "1"]
[White "Michihall"]
[Black "vivafischer"]
[Result "0-1"]
[WhiteElo "1810"]
[BlackElo "2250"]

1. d4 e6 2. c4 f5 3. Nc3 Nf6 4. Nf3 d5 5. cxd5 exd5 6. Bg5 c6 7. e3 Bd6 8. Bd3
O-O 9. O-O h6 10. Bxf6 Qxf6 11. Ne2 Be6 12. h3 Nd7 13. b3 Rf7 14. Rc1 Nf8 15.
Nc3 Ng6 16. Be2 Raf8 17. Bd3 Nh4 18. Be2 g5 19. Nxh4 gxh4 20. Bh5 Rg7 21. Bf3
Bf7 22. Qe2 Bb8 23. Na4 Qd6 24. Nc5 Qh2# 0-1